|
|
|
|
| LEADER |
00000nam2a2200000 4500 |
| 001 |
193603 |
| 005 |
20231031182011.0 |
| 035 |
|
|
|a (RuTPU)RU\TPU\book\211147
|
| 090 |
|
|
|a 193603
|
| 100 |
|
|
|a 20110324d1978 m y0rusy50 ca
|
| 101 |
0 |
|
|a rus
|
| 102 |
|
|
|a RU
|
| 105 |
|
|
|a a z 001zy
|
| 200 |
0 |
|
|a Т. 2
|
| 210 |
|
|
|d 1978
|
| 215 |
|
|
|a 184 с.
|c ил.
|
| 318 |
|
|
|5 63413507
|a Космос… Дорога без конца
|b выставка
|
| 320 |
|
|
|a Библиогр. в конце гл.
|
| 330 |
|
|
|a Предлагаемый читателям второй том сборника «Передвижная лаборатория на Луне Луноход-1» включает результаты исследований, проведенных в период с февраля по сентябрь 1971 г., и обобщение данных, полученных за все время работы «Луно-хода-1». Главы I и II посвящены анализу функционирования шасси и систем лунохода в лунных условиях, рассмотрению исходных теоретических моделей и методики наземных испытаний аппарата. В главах III—V обобщаются результаты исследований топографии, геоморфологии, геологии и химии пород изученной территории. В главах VI и VII рассмотрены результаты исследований рентгеновского и корпускулярного излучений, приведены данные по лазерной локации уголкового отражателя, установленного на борту «Лунохода-1). Особое внимание в этих главах уделено вопросам методики проведения экспериментов.
|
| 461 |
|
1 |
|0 (RuTPU)RU\TPU\book\213085
|t Передвижная лаборатория на Луне "Луноход-1"
|o в 2 т.
|f Академия наук СССР (АН СССР), Научный совет по проблемам Луны и планет ; Академия наук СССР (АН СССР), Институт геохимии и аналитической химии (ГЕОХИ) ; под ред. В. Л. Барсукова
|v Т. 2
|d 1978
|
| 610 |
1 |
|
|a луноходы
|
| 610 |
1 |
|
|a Луна
|
| 610 |
1 |
|
|a топография
|
| 610 |
1 |
|
|a геоморфология
|
| 610 |
1 |
|
|a геология
|
| 610 |
1 |
|
|a дистанционное управление
|
| 610 |
1 |
|
|a самоходное оборудование
|
| 610 |
1 |
|
|a химический состав
|
| 610 |
1 |
|
|a лунная поверхность
|
| 610 |
1 |
|
|a геолого-морфологические исследования
|
| 610 |
1 |
|
|a лазерная локация
|
| 675 |
|
|
|a 629.785
|v 3
|
| 801 |
|
1 |
|a RU
|b 63413507
|c 20110324
|
| 801 |
|
2 |
|a RU
|b 63413507
|c 20110506
|g RCR
|
| 942 |
|
|
|c BK
|